01433nam a22002177a 4500003000800000005001700008007000300025008004100028020001800069020001500087040001800102041000900120050001400129100003600143245008100179260003400260300004600294520083000340700002301170700002201193BJBSDDR20260508100445.0ta260508s2016 nyu||||| |||| 00| 0 eng d a9781501121968 a1501121960 bspa cBJBSDDR aeng  bH488 20161 aHemingway, Ernest, d1899-1961 14aThe sun also rises / cErnest Hemingway, Patrick Hemingway, Seán Hemingway aNew York : bScribner, c2016 a xx, 290 pages : billustrations ;c22 cm aFirst published in 1926, The Sun Also Rises is a classic example of Hemingway's spare but powerful writing style. It celebrates the art and craft of Hemingway's quintessential story of the Lost Generation-- presented by the Hemingway family with illuminating supplementary material from the Hemingway Collection at the John F. Kennedy Library. The Hemingway Library Edition commemorates Hemingway's classic novel with a personal foreword by Patrick Hemingway, the author's sole surviving son, and an introduction by Sean Hemingway, grandson of the author. Hemingway considered the extensive rewriting that he did to shape his first novel the most difficult job of his life. Early drafts, deleted passages, and possible titles included in this new edition elucidate how the author achieved his first great literary masterpiece1 aHemingway, Patrick1 aHemingway, Seán